00672nam a2200217Ia 4500003000400000005001700004008004100021040000700062041000800069082001900077100002300096245004600119260004500165300001600210365001300226650002200239906004800261942001200309999001900321952011400340OSt20230524192726.0210423s1999 xx 000 0 und d cAL aeng a370 223bPROP aPROBE TEAM9113363 aPublic report on basic education in India aNew DelhibOxford University Pressc1999 a156bSpiral b150cINR aEducation9113364 abasic ; education ; India ; Public ; report 2ddccBK c173108d173108 001040708MSWaSACPGbSACPGd2021-04-26g150.00l0o370 PROPpPG019687r2022-08-24 00:00:00w2021-04-26yBK